[Event "EICC 2017"]
[Site "Minsk"]
[Date "2017.06.09"]
[Round "10"]
[White "Martirosyan, Haik M"]
[Black "Alekseenko, Kirill"]
[Result "1-0"]
[WhiteElo "2516"]
[BlackElo "2585"]
[Annotator "TA"]
[PlyCount "81"]
[EventDate "2017.??.??"]
[EventCountry "BLR"]
[SourceTitle "playchess.com"]
[Source "ChessBase"]
[SourceQuality "1"]

{[%evp 13,81,18,33,16,23,21,37,38,72,66,108,24,40,-22,0,0,18,12,4,0,0,-23,-20,-20,-20,-27,0,0,0,0,0,0,29,26,84,80,42,80,107,104,107,109,172,172,175,175,150,181,156,139,278,271,556,558,541,531,811,732,846,845,1157,1138,1057,863,859,842,2035,1925,1796,1335]} 1. e4 c5 2. Nf3 d6 3. Bb5+ Nd7 4. d4 cxd4 5. Qxd4 a6 6. Bxd7+ Bxd7 7. c4 {B51: Sicilian: Moscow Variation (3 Bb5+) without 3...Bd7} Bg4 {LiveBook: 15 Games} 8. Qd3 Rc8 $146 ({Predecessor:} 8... g6 9. Nd4 Bg7 10. Nc3 Rc8 11. f3 Bd7 12. Be3 Nf6 13. Rc1 O-O 14. O-O Bc6 15. b4 Nd7 16. Qe2 b6 17. Nxc6 Rxc6 18. Rfd1 Bxc3 19. Rxc3 Qc7 20. Rdc1 Rc8 21. Bd4 {½-½ (21) Kovalev,V (2558)-Kovchan,A (2596) Gora Sw Anny 2016}) 9. b3 {White has an edge.} b5 10. Nbd2 Qa5 11. O-O Nf6 12. Nd4 (12. e5 $16 dxe5 13. Nxe5) 12... g6 13. Nc2 (13. cxb5 $14 Rc3 14. Qb1) 13... d5 14. e5 Bf5 15. Qd4 Bg7 $1 16. Ne3 $1 ({Much weaker is} 16. b4 Qc7 $17) 16... dxc4 17. Nxf5 gxf5 18. bxc4 Ng4 19. f4 O-O {And now ...bxc4 would win.} 20. Nb3 Qa4 21. c5 Rfd8 22. Qc3 Qe4 {[%cal Rg4e5]} (22... Qc4 $5 {[%cal Rc4c3]} 23. Qe1 Rd3 $11) 23. Re1 b4 (23... Rd3 $11 {remains equal.} 24. Rxe4 Rxc3) 24. Rxe4 $16 bxc3 25. Re1 $1 {[#]} a5 $1 {[%mdl 512]} 26. Nxa5 c2 {[#]} 27. Nb3 $1 Rd5 (27... Ra8 $16) 28. Bb2 $18 {Hoping for h3.} Rd3 29. Bd4 Bh6 30. g3 {[%cal Bg2g3,Bg3f4][%mdl 32]} f6 31. e6 Kh8 (31... Rb8 $16 32. Rec1 Ne5) 32. Rac1 Bxf4 $2 (32... Ne5 {might work better.}) 33. gxf4 {White is clearly winning.} Rg8 34. Kf1 ({Worse is} 34. Kh1 Rxd4 35. Rxc2 Rxf4 $17) 34... Nxh2+ 35. Ke2 Rf3 36. Rg1 Rd8 37. Be3 Rh3 38. Rxc2 Ng4 39. Bf2 Rdd3 40. c6 Rdf3 41. Rg2 {Precision: White = 78%, Black = 25%.} 1-0

[Event "EICC 2017"]
[Site "Minsk"]
[Date "2017.06.09"]
[Round "10"]
[White "Esipenko, Andrey"]
[Black "Teclaf, Pawel"]
[Result "1-0"]
[WhiteElo "2509"]
[BlackElo "2358"]
[Annotator "TA"]
[PlyCount "61"]
[EventDate "2017.??.??"]
[EventCountry "BLR"]
[SourceTitle "playchess.com"]
[Source "ChessBase"]
[SourceQuality "1"]

{[%evp 17,61,11,23,0,0,0,8,14,21,0,-8,-10,86,88,101,95,84,78,56,62,89,77,156,120,147,141,468,468,652,652,616,629,549,381,377,372,406,404,425,412,494,493,484,472,750,719]} 1. d4 Nf6 2. c4 g6 3. Nc3 d5 4. cxd5 Nxd5 5. e4 Nxc3 6. bxc3 Bg7 7. Qa4+ Nd7 8. Nf3 O-O 9. Be2 c5 10. O-O {D85: Exchange Grünfeld: Unusual White 7th moves and lines with 7 Nf3} cxd4 (10... a6 11. Qa3 Qc7 12. e5 Nb6 13. Qa5 Bf5 14. dxc5 Nd5 15. Qxc7 Nxc7 16. Nd4 Be4 17. f3 Bd5 {½-½ (45) Karpov,A (2624)-Svidler,P (2755) Sochi 2017}) 11. cxd4 Nc5 12. dxc5 {The position is equal.} Bxa1 13. e5 Qc7 14. Qf4 {[#] Strongly threatening Bd2.} f6 $146 (14... Bc3 $1 $11) ({Predecessor:} 14... Bc3 15. Qe3 Qa5 16. Qh6 f6 17. exf6 Bxf6 {½-½ (33) Erdos,V (2616)-Wagner,D (2579) Germany 2016}) 15. Qc4+ $16 e6 16. Bh6 $36 {[%mdl 2048] Black is under strong pressure.} Bxe5 17. Bxf8 Kxf8 18. Nxe5 Qxe5 19. Rd1 {And now Rd8+ would win.} Ke7 ({Black should try} 19... Kg7) 20. Bf3 {[%mdl 1024] White has strong compensation.} a5 21. Qc1 {[#] Qh6 is the strong threat.} Qg5 $2 {[%mdl 8192]} (21... Bd7 $16 {is a better chance.} 22. Bxb7 (22. Qh6 Be8 $16) 22... Rd8) 22. Qa3 $18 Kf7 23. c6 Qe5 24. cxb7 Bxb7 25. Bxb7 Rd8 {[%cal Rd8d1]} 26. Rf1 Qb5 27. Bf3 Rd3 28. Qc1 Qd7 29. Qh6 {White is clearly winning.} Kg8 30. h4 Qd4 (30... Qg7 $142 31. Qf4 Rd7) 31. Rb1 {Precision: White = 91%, Black = 35%.} 1-0

[Event "EICC 2017"]
[Site "Minsk"]
[Date "2017.06.09"]
[Round "10"]
[White "Godena, Michele"]
[Black "Solak, Dragan"]
[Result "1-0"]
[WhiteElo "2506"]
[BlackElo "2641"]
[Annotator "TA"]
[PlyCount "87"]
[EventDate "2017.??.??"]
[EventCountry "BLR"]
[SourceTitle "playchess.com"]
[Source "ChessBase"]
[SourceQuality "1"]

{[%evp 21,87,5,0,2,25,15,19,15,22,25,42,34,35,12,8,0,94,95,106,93,168,172,171,176,156,152,145,142,145,149,148,141,133,137,143,122,176,154,259,250,341,340,334,321,327,326,311,0,334,327,333,333,326,272,254,0,335,328,308,302,308,301,395,374,483,463,467,452]} 1. e4 e6 2. d4 d5 3. Nd2 c5 4. Ngf3 cxd4 5. Nxd4 Nc6 6. Bb5 Bd7 7. Nxc6 bxc6 8. Bd3 Bd6 {C07: French Tarrasch: 3...c5, 4 Ngf3 and 4 exd5 Qxd5} 9. Qe2 Ne7 (9... Qc7 10. Nf3 dxe4 11. Qxe4 Nf6 12. Qh4 h6 13. O-O Ke7 14. Re1 g5 15. Qc4 c5 16. Be3 {0-1 (31) Navara,D (2725)-Potkin,V (2597) Tallinn 2016}) 10. Nf3 Ng6 11. O-O O-O {LiveBook: 5 Games} 12. c4 dxe4 $146 ({Predecessor:} 12... Qc7 13. Re1 dxe4 14. Bxe4 f5 15. Bc2 c5 16. h4 {1-0 (39) Jurcik,M (2487)-Wagner,D (2569) Zillertal 2015}) 13. Bxe4 Qc7 14. Rd1 Rad8 15. h4 {[%cal Bh2h4,Bh4h5][%mdl 32]} f5 16. Bc2 h6 17. c5 Bxc5 18. Bb3 Kh8 (18... Kh7 $11 {keeps the balance.}) 19. h5 $1 $36 {[%cal Rh5g6][%mdl 2048] White is really pushing.} Ne7 {[#]} 20. Qe5 $1 {[%cal Re5c7]} Bb6 (20... Qxe5 $16 21. Nxe5 Nd5) 21. Bxh6 $1 $18 {[%csl Gh6][%cal Re5g7]} Qxe5 22. Nxe5 Be8 23. Rxd8 Bxd8 24. Bg5 {aiming for Rd1.} Bxh5 25. Bxe6 Ng6 {[#]} 26. Nf7+ $1 Rxf7 27. Bxd8 Rf8 28. Bg5 f4 (28... Re8 $16) 29. Rc1 Rb8 (29... Re8 $16 {keeps fighting.}) 30. Rxc6 Rxb2 31. Rc8+ Kh7 32. Bg8+ Kh8 33. Bd5+ Kh7 34. Bg8+ Kh8 35. f3 Rb1+ 36. Kh2 Re1 37. Bf7+ Kh7 38. Bg8+ Kh8 39. Bd5+ Kh7 40. Be4 Re2 41. a3 Ra2 42. Rc5 Re2 43. Bxf4 Kg8 44. Bg3 {Precision: White = 79%, Black = 52%.} 1-0

[Event "EICC 2017"]
[Site "Minsk"]
[Date "2017.06.09"]
[Round "10"]
[White "Potapov, Pavel"]
[Black "Kovalev, Vladislav"]
[Result "0-1"]
[WhiteElo "2497"]
[BlackElo "2629"]
[Annotator "TA"]
[PlyCount "102"]
[EventDate "2017.??.??"]
[EventCountry "BLR"]
[SourceTitle "playchess.com"]
[Source "ChessBase"]
[SourceQuality "1"]

{[%evp 14,102,3,22,30,32,36,0,2,0,7,0,-4,-25,-32,-29,-29,-23,-19,-52,-42,-53,-44,-44,-45,-49,-43,-104,-97,-97,-101,-98,-102,-92,-97,-78,-89,-92,-91,-85,-58,-79,-80,-87,-89,-91,-87,-87,-87,-84,-95,-116,-121,-131,-108,-141,-35,-279,-268,-342,-342,-342,-342,-342,-38,-76,0,-324,-331,-339,-335,-317,-303,-303,-301,-413,-412,-472,-471,-633,-578,-724,-641,-700,-700,-12837,-12831,-1164,-637,-1089,-650]} 1. e4 {[%cal Be2e4,Be4e5,Be5d6][%mdl 32]} c5 2. Nf3 Nc6 3. c3 Nf6 4. e5 Nd5 5. Bc4 {[%cal Bf1c4,Bc4b3,Bb3c2][%mdl 32]} Nb6 6. Bb3 d5 7. exd6 c4 8. Bc2 e5 {B22: Sicilian: 2 c3} (8... Qxd6 9. O-O Bg4 10. h3 Bh5 11. Re1 e6 12. b3 Be7 13. Qe2 cxb3 14. axb3 O-O 15. d4 Rfd8 16. Bxh7+ Kxh7 17. Ng5+ Bxg5 18. Qxh5+ {½-½ (44) Nakamura,H (2787)-Vachier Lagrave,M (2785) Gibraltar 2016}) 9. O-O Be6 10. d4 cxd3 $1 {The position is equal.} 11. Qxd3 {Strongly threatening Rd1.} Qxd6 12. Qxd6 Bxd6 13. Nbd2 $146 ({Predecessor:} 13. Ng5) 13... f6 14. b3 O-O-O 15. Bb2 Be7 16. Ne4 Nd5 17. Rad1 Nf4 18. Ng3 g6 19. Bc1 Nd5 20. c4 (20. Bb2 $15) 20... Nc3 $17 21. Rxd8+ Rxd8 ({Much worse is} 21... Bxd8 $6 22. a3 $11) 22. a3 Bg4 {...Bxf3 is the strong threat.} 23. Bb2 Bxf3 $1 24. Bxc3 Bg4 25. b4 Nd4 26. Ba4 h5 {[%cal Bh7h5,Bh5h4][%mdl 32]} 27. Rc1 h4 28. Bxd4 Rxd4 29. Nf1 {[#]} a5 $1 $36 {[%mdl 2560] Black is really pushing.} 30. Ne3 (30. bxa5 Be6) 30... Be6 31. bxa5 f5 {[%cal Bf6f5,Bf5f4][%mdl 32]} 32. Be8 f4 $1 {[%cal Rf4e3]} ({Much weaker is} 32... Bxa3 $6 33. a6 $15) 33. Nd5 Bxa3 34. Ra1 Bf5 (34... g5 $17 {aiming for ...Bc5.} 35. Bg6 Bc5) 35. Bb5 $2 (35. g4 $1 $15 Bb2 36. gxf5 Bxa1 37. fxg6) 35... Bc5 $19 36. a6 bxa6 37. Bxa6+ Kb8 38. Bb5 Kb7 $2 ({Black should try} 38... Rd2 $19 39. Bc6 Bxf2+ 40. Kh1 Ba7) 39. Ba6+ $1 $15 {[#]} Kb8 $2 (39... Ka7 $1 $17 40. Bc8+ Kb8 41. Bxf5 gxf5) 40. Bb5 $19 Rd2 41. Bc6 {[%csl Gc6][%cal Ra1a8]} Bxf2+ 42. Kh1 {[%csl Gc6][%cal Ra1a8]} Ba7 43. h3 Be4 44. Nb4 {[#]} Bd4 $1 45. Re1 ({Not} 45. Ra8+ $2 Kc7 $19) 45... Bf5 {Black is clearly winning.} 46. Bd5 Kc7 47. Ba8 Kd6 48. Rc1 e4 {[%cal Be5e4,Be4e3][%mdl 32]} 49. Na6 {[#]} f3 $1 {[%mdl 512]} 50. gxf3 e3 {( -> ...e2)} 51. c5+ Ke7 {Precision: White = 49%, Black = 69%.} 0-1

[Event "EICC 2017"]
[Site "Minsk"]
[Date "2017.06.09"]
[Round "10"]
[White "Theodorou, Nikolas"]
[Black "Kobalia, Mikhail"]
[Result "0-1"]
[WhiteElo "2495"]
[BlackElo "2624"]
[Annotator "TA"]
[PlyCount "52"]
[EventDate "2017.??.??"]
[EventCountry "BLR"]
[SourceTitle "playchess.com"]
[Source "ChessBase"]
[SourceQuality "1"]

{[%evp 14,52,0,-11,-5,-20,-16,-20,-20,-12,-19,-31,-27,-12,0,0,5,-20,0,0,15,0,0,0,0,-359,-323,-357,-374,-357,-369,-350,-272,-396,-402,-407,-391,-568,-580,-581,-568]} 1. e4 c5 2. Nf3 d6 3. c3 Nf6 4. Qc2 Qc7 5. Be2 (5. h3 b6 6. Be2 Bb7 7. d3 g6 8. O-O Bg7 9. Nbd2 O-O 10. Re1 Nbd7 11. a3 Nh5 12. Qb3 e6 {0-1 (51) Kharchenko,B (2467)-Kokarev,D (2622) Kazan 2016}) 5... g6 6. O-O {B50: Sicilian: 2...d6, Miscellaneous} Bg7 7. d3 O-O 8. h3 {LiveBook: 3 Games. The position is equal.} b6 9. Bf4 Bb7 10. Nbd2 Nbd7 11. Bh2 e5 12. Rac1 d5 $146 ({Predecessor:} 12... Rfe8) 13. Rfe1 Rad8 14. Bf1 Rfe8 15. Rcd1 Qc6 16. Qb3 Qc8 17. exd5 Bxd5 18. Qa4 {[%cal Rf3e5]} Nh5 $1 19. Qxa7 $2 {[%mdl 8192] [#]} (19. g4 $11 Nf4 20. d4) 19... Qc6 $1 $19 {aiming for ...Ra8.} 20. Nxe5 Bxe5 21. Bxe5 Nxe5 22. c4 Qb7 23. Qa3 (23. Qxb7 $142 Bxb7 24. Re3) 23... Bc6 24. Qc3 f6 25. g3 (25. Re3 $142) 25... Qd7 26. Re3 Ng7 {Precision: White = 43%, Black = 88%.} 0-1

[Event "EICC 2017"]
[Site "Minsk"]
[Date "2017.06.09"]
[Round "10"]
[White "Lomasov, Semen"]
[Black "Vocaturo, Daniele"]
[Result "0-1"]
[WhiteElo "2493"]
[BlackElo "2604"]
[Annotator "TA"]
[PlyCount "72"]
[EventDate "2017.??.??"]
[EventCountry "BLR"]
[SourceTitle "playchess.com"]
[Source "ChessBase"]
[SourceQuality "1"]

{[%evp 25,72,36,32,31,47,45,47,4,5,18,25,38,35,20,25,9,23,14,0,0,56,56,48,59,56,43,49,40,47,55,52,28,39,18,18,18,23,-49,-56,-219,-202,-607,-336,-6203,-6203,-5210,-6087,-1914,-700]} 1. e4 e5 2. Nf3 Nc6 3. Bb5 a6 4. Ba4 Nf6 5. O-O Nxe4 6. d4 b5 7. Bb3 d5 8. dxe5 Be6 9. Nbd2 Nc5 10. c3 Bg4 11. Bc2 Ne6 12. Re1 {C82: Open Ruy Lopez: 9 c3 without 9...Be7} Bc5 13. Nf1 Ne7 {LiveBook: 9 Games} (13... O-O 14. h3 Bh5 15. Ng3 Bg6 16. Bb3 Ne7 17. h4 h6 18. h5 Bh7 19. Nd4 Bb6 {1-0 (36) Svidler,P (2749)-Ivanchuk,V (2769) Astana 2012}) 14. Be3 {White is slightly better.} Bxe3 15. Nxe3 Bh5 16. Nf5 $146 (16. a4 {with more complications.} O-O 17. b4 h6 18. Qd3 Bg6 19. Qd2) ({Predecessor:} 16. a4 Rb8 17. axb5 axb5 18. b4 d4 19. cxd4 Bxf3 20. Qxf3 Qxd4 {0-1 (34) Iwanow,A (2097)-Simacek,P (2469) Novy Bor 2011}) 16... Nxf5 17. Bxf5 O-O 18. g4 Bg6 19. Qd2 c6 20. h4 {[%cal Bh2h4,Bh4h5,Bh5h6][%mdl 32]} h5 21. Ng5 hxg4 22. Bxg4 Nc5 ({Black should try} 22... Qe7 $11) 23. h5 $14 Ne4 24. Nxe4 Bxe4 25. f3 $1 {[%cal Rf3e4]} Bh7 26. h6 f5 27. exf6 Rxf6 28. hxg7 Ra7 29. Re5 {Hoping for Qe3.} Rxg7 30. Rae1 Rf8 {...Be4! is the strong threat.} 31. R1e2 (31. Qh6 $11) 31... Qf6 $36 {[%mdl 2048] White must now prevent ...Be4! Black has the initiative.} 32. Kh1 $2 {[#]} ({White should play} 32. Qd4 $15) 32... Be4 $1 $19 {[%mdl 512]} 33. Be6+ $2 (33. R2xe4 dxe4 34. Rxe4) (33. fxe4 Qh4+) 33... Rff7 $1 34. Bxf7+ $2 (34. R5xe4 Qxf3+ 35. Rg2 Qxe4 36. Qe2) 34... Kxf7 {Black is clearly winning.} 35. R5xe4 Qxf3+ ({Not} 35... dxe4 36. Qd7+ Kf8 37. Qc8+ Kf7 38. Qb7+ Kg8 39. Qc8+ Kf7 40. Qb7+ Kg8 41. Qc8+ Kf7 $11) 36. Rg2 Qxe4 {Precision: White = 45%, Black = 90%.} (36... Qh3+ $142 37. Kg1 Qxg2+ 38. Qxg2 dxe4 39. Qxg7+ Kxg7) 0-1

[Event "EICC 2017"]
[Site "Minsk"]
[Date "2017.06.09"]
[Round "10"]
[White "Matinian, Nikita"]
[Black "Kulaots, Kaido"]
[Result "1-0"]
[WhiteElo "2491"]
[BlackElo "2597"]
[Annotator "TA"]
[PlyCount "99"]
[EventDate "2017.??.??"]
[EventCountry "BLR"]
[SourceTitle "playchess.com"]
[Source "ChessBase"]
[SourceQuality "1"]

{[%evp 16,99,23,0,-23,0,19,14,45,41,40,60,46,43,39,37,30,47,58,61,52,63,49,13,16,-25,-18,-28,0,0,0,-67,-55,-53,0,0,0,10,0,13,36,39,60,30,30,0,0,0,0,0,30,0,0,0,58,54,56,18,76,79,133,33,60,0,0,0,0,0,0,0,0,0,19,0,423,383,321,370,567,564,539,533,535,503,827,823]} 1. e4 c5 2. Nf3 Nc6 3. Bb5 g6 4. Bxc6 bxc6 5. O-O Bg7 6. Re1 Nf6 7. e5 Nd5 8. c4 {B31: Sicilian: 2...Nc6 3 Bb5 g6} Nc7 9. b3 {LiveBook: 4 Games} (9. d4 cxd4 10. Qxd4 Ne6 11. Qh4 d5 12. exd6 Qxd6 13. Nc3 Bf6 14. Bg5 Nxg5 15. Nxg5 Bf5 16. Nce4 Bxe4 17. Nxe4 Bxh4 18. Nxd6+ Kf8 19. Ne4 Kg7 20. g3 Bf6 21. Nxf6 Kxf6 22. Rad1 Rhd8 23. f4 {½-½ (23) Kasimdzhanov,R (2691)-Gelfand,B (2743) Tashkent 2016}) 9... d6 10. Bb2 {Black has an edge.} Ne6 11. Nc3 O-O 12. Na4 dxe5 13. Bxe5 f6 14. Bb2 {[%cal Be5b2,Bb2a3,Ba3c5][%mdl 32]} Re8 $146 ({Predecessor:} 14... Qd6 15. Ba3 f5 {½-½ (66) Jarmula,L (2466)-Klekowski,M (2448) Krakow 2017}) 15. g3 Bh6 16. Ba3 Ng7 17. Bxc5 e5 18. d4 {[%cal Rd4e5,Bd2d4,Bd4d5][%mdl 32]} e4 $1 {aiming for ...Bg4.} 19. Nd2 f5 20. Nf1 Ne6 21. d5 Nxc5 22. Nxc5 Qa5 23. Qd4 (23. Na4 $11) 23... Bg7 24. Qe3 cxd5 (24... Bf8 $15 25. Ne6 Bxe6 26. dxe6 Rxe6) 25. cxd5 $11 Bxa1 26. Rxa1 Qb6 27. Qd4 Qd6 (27... Ba6 $5) 28. Rd1 {[%mdl 1024] White has compensation.} Ba6 29. Ne3 Be2 30. Rd2 $40 {[%mdl 128] Black needs to defend precisely.} (30. Re1 $5 {[%cal Re1e2]} Rac8 31. Nb7 $11 (31. Ne6 Rxe6 32. Qb2 Re7 $17)) 30... Rac8 31. b4 ({Of course not} 31. Ne6 Rc1+ 32. Kg2 Bf3+ 33. Kh3 Qd7 $15) 31... Bd3 32. a3 Re7 33. Nxd3 exd3 34. Rxd3 Rec7 (34... Qe5 $11) 35. Kg2 $14 Kf7 36. h4 Qf6 (36... Qe7 $11 {remains equal.}) 37. Qf4 $1 $16 Rc3 (37... Rd7 $142) 38. Rxc3 (38. Rd1 $16) 38... Rxc3 {[%mdl 4096] Endgame KQR-KQN} 39. Kh2 ({White should play} 39. h5 $1 $14) 39... Rd3 $11 40. Qb8 Qd4 41. Qc7+ Kg8 42. Qd8+ Kf7 43. Qd7+ Kg8 44. h5 {Threatens to win with Qe6+.} Qg7 $2 {[%mdl 8192]} (44... Rxe3 $11 {and Black stays safe.} 45. fxe3 Qxe3) 45. Qc8+ $1 $18 Qf8 {[#]} 46. Qc4 $1 ({Not} 46. Qe6+ Kg7 $16) 46... Rd2 (46... Rxe3 {was worth a try.} 47. fxe3 g5) 47. d6+ $1 {[%cal Bd5d6,Bd6d7][%mdl 32] White is clearly winning.} Qf7 48. Qc8+ Qf8 {[#]} 49. d7 $1 gxh5 (49... Rxf2+ $142 50. Kh3 Rd2) 50. Nxf5 {Precision: White = 60%, Black = 50%.} 1-0

[Event "EICC 2017"]
[Site "Minsk"]
[Date "2017.06.09"]
[Round "10"]
[White "Shevchenko, Kirill"]
[Black "Palac, Mladen"]
[Result "1/2-1/2"]
[WhiteElo "2491"]
[BlackElo "2573"]
[Annotator "TA"]
[PlyCount "41"]
[EventDate "2017.??.??"]
[EventCountry "BLR"]
[SourceTitle "playchess.com"]
[Source "ChessBase"]
[SourceQuality "1"]

{[%evp 23,41,19,19,13,17,16,14,10,10,35,33,7,11,0,12,15,15,10,15,-18]} 1. e4 c5 2. Nf3 d6 3. d4 cxd4 4. Nxd4 Nf6 5. Nc3 Nc6 6. f3 e5 7. Nb3 Be6 8. Nd5 Be7 9. Be3 Bxd5 10. exd5 Nb4 11. c4 {B56: Classical Sicilian: Unusual Lines} a5 12. Qd2 (12. Be2 Na6 13. Nd2 O-O 14. Nb1 Nd7 15. Qd2 f5 16. Nc3 Bh4+ 17. g3 f4 18. Bf2 Bg5 {½-½ (47) Caruana,F (2807)-Vachier Lagrave,M (2819) Saint Louis 2016}) 12... b6 {LiveBook: 67 Games} 13. a3 Na6 14. Bd3 O-O 15. O-O a4 16. Nc1 {[%cal Bb3c1,Bc1a2,Ba2b4][%mdl 32]} Nc5 17. Bc2 $146 ({Predecessor:} 17. Bxc5 bxc5 18. Ne2 Nd7 {0-1 (49) Quinonero Simon,J (2105)-Llobel Cortell,E (2285) Barcelona 2000}) 17... Qc8 {The position is equal.} 18. Na2 Nb3 19. Bxb3 $1 axb3 20. Nb4 {With the idea Nc6.} Qxc4 21. Bxb6 1/2-1/2

[Event "EICC 2017"]
[Site "Minsk"]
[Date "2017.06.09"]
[Round "10"]
[White "Teterev, Vitaly"]
[Black "Ponkratov, Pavel"]
[Result "0-1"]
[WhiteElo "2487"]
[BlackElo "2590"]
[Annotator "TA"]
[PlyCount "48"]
[EventDate "2017.??.??"]
[EventCountry "BLR"]
[SourceTitle "playchess.com"]
[Source "ChessBase"]
[SourceQuality "1"]

{[%evp 9,48,-6,14,0,18,5,4,12,13,0,-4,-14,8,-32,-25,-56,-55,-52,-44,-66,-65,-45,-63,-411,-400,-412,-412,-404,-409,-380,-383,-570,-571,-559,-524,-29992,-29993,-29994,-29995,-29995,-29996]} 1. Nf3 c5 2. e4 d6 3. Bc4 Nf6 4. Qe2 Nc6 5. c3 {[%cal Bc2c3,Bc3d4][%mdl 32]} a6 (5... Bg4 6. h3 Bxf3 7. Qxf3 g6 8. Bb5 Bg7 9. e5 Nd7 10. exd6 Nde5 11. Qd5 Qb6 12. d7+ Nxd7 13. Na3 Rd8 14. Bxc6 bxc6 15. Qe4 {0-1 (49) Bartel,M (2623)-Laznicka,V (2676) Germany 2015}) 6. Bb3 {B50: Sicilian: 2...d6, Miscellaneous} g6 7. O-O Bg7 8. d4 {The position is equal.} cxd4 9. cxd4 Bg4 10. Rd1 {aiming for e5.} O-O $146 ({Predecessor:} 10... Na5 11. e5 Nxb3 12. exf6 Nxc1 13. Qe4 Bxf6 14. Qxg4 {1-0 (36) Beikert,G (2446)-Werner,M (2352) Germany 1999}) 11. Nc3 (11. h3 $5 {[%cal Rh3g4]} Bxf3 12. Qxf3 $11) 11... Nd7 $36 {[%mdl 2048] White should prevent ...Nxd4! Black has the initiative.} 12. Be3 e5 $1 {[%cal Re5d4]} 13. dxe5 Ndxe5 14. Nd5 Kh8 15. Bb6 Qc8 {Strongly threatening ...Bxf3.} 16. Nf4 $2 {[%mdl 8192] [#]} (16. Rac1 $15) 16... g5 $1 $19 {[%mdl 512]} 17. Nd3 (17. Nxg5 Bxe2) 17... Bxf3 $1 18. gxf3 Qh3 19. Ne1 {[#]} Nd7 $1 20. Bc7 (20. Qf1 $142 Qxf1+ 21. Kxf1 Nxb6 22. Rxd6) 20... Be5 21. f4 gxf4 ({Less strong is} 21... Bxf4 22. f3 $17) 22. Kh1 Nd4 {Black mates.} 23. Rxd4 f3 (23... Bxd4 $2 24. Qd3 $19) 24. Nxf3 Rg8 {Precision: White = 34%, Black = 89%.} 0-1

[Event "EICC 2017"]
[Site "Minsk"]
[Date "2017.06.09"]
[Round "10"]
[White "Schreiner, Peter"]
[Black "Potkin, Vladimir"]
[Result "0-1"]
[WhiteElo "2483"]
[BlackElo "2588"]
[Annotator "TA"]
[PlyCount "84"]
[EventDate "2017.??.??"]
[EventCountry "BLR"]
[SourceTitle "playchess.com"]
[Source "ChessBase"]
[SourceQuality "1"]

{[%evp 17,84,15,9,-1,9,-7,0,0,0,0,-16,-12,-8,-25,-7,-18,-26,-42,-22,-67,-73,-129,-134,-144,-139,-123,-108,-125,-127,-152,-114,-233,-230,-189,-172,-299,-298,-327,-319,-396,-286,-287,-283,-263,-255,-403,-385,-402,-433,-576,-591,-631,-622,-735,-717,-1212,-738,-845,-715,-725,-729,-736,-717,-806,-781,-714,-697,-29983,-29984]} 1. Nf3 d5 2. g3 c6 3. Bg2 Bf5 4. O-O e6 {[%cal Be7e6,Be6d5][%mdl 32]} 5. c4 Nf6 6. cxd5 exd5 7. d3 Bc5 {A11: English Opening: 1...c6} 8. Qc2 Nbd7 9. Nc3 O-O {LiveBook: 3 Games. The position is equal.} 10. Na4 $146 ({Predecessor:} 10. e4 Bg4 11. h3 Bxf3 12. Bxf3 Rc8 13. Bf4 Bd4 14. Rad1 Re8 15. Ne2 {1-0 (43) Lysyj,I (2668)-Bezgodov,A (2512) Cheliabinsk 2016}) 10... Be7 11. Nc3 h6 12. e4 Bh7 13. Bf4 Nc5 {[%cal Rd5e4]} 14. Rad1 Ne6 15. Bc1 Qa5 16. a3 Rad8 17. b4 Qb6 18. e5 Nd7 19. Rfe1 {[#]} (19. Be3 $142 Qc7 20. Rfe1) 19... a5 $1 $17 20. Bd2 axb4 21. axb4 Ra8 22. Ne2 Bxb4 23. Rb1 c5 24. Bxb4 (24. Nc1 $17) 24... cxb4 $19 25. Qd2 Ra4 26. Nf4 (26. Red1 $142) 26... Nxf4 27. Qxf4 Bxd3 28. Rbd1 Be4 {Threatens to win with ...Nc5.} ({Not} 28... Ra2 29. Nd4 $17) 29. Nd4 Bxg2 30. Kxg2 b3 {[%cal Bb4b3,Bb3b2][%mdl 32]} 31. Rd2 (31. Qg4 {was necessary.}) 31... Nc5 32. Qe3 Ne4 33. Rd3 b2 34. Rb1 Ra1 35. Rdd1 Rfa8 {[#] Hoping for ...Rxb1.} 36. Qd3 R8a3 37. Qc2 Rxb1 38. Qc8+ Kh7 39. Rxb1 Ra2 ({Weaker is} 39... Qxd4 40. Qf5+ Kg8 41. Qc8+ Kh7 42. Qf5+ Kg8 43. Qc8+ Kh7 $11) 40. f3 Nc5 ({And not} 40... Qxd4 41. Qf5+ Kh8 42. Qc8+ Kh7 43. Qf5+ g6 44. Qxf7+ Kh8 45. Qf8+ Kh7 46. Qf7+ Kh8 47. Qf8+ Kh7 48. Qf7+ $11) 41. g4 Nd3 {aiming for ...Nf4+.} 42. e6 Qxd4 {Precision: White = 40%, Black = 71%.} 0-1